Logo BPK

Biblioteka

Politechniki Koszalińskiej

Starkstromleitungen, Leitungsnetze und deren Berechnung / (Rekord nr 15486)

Szczegóły MARC
000 -ETYKIETA REKORDU
podpole kontrolne o stałej długości 00554nam a2200193 i 4500
001 - NUMER KONTROLNY REKORDU
pole kontrolne bg
040 ## - ŹRÓDŁO KATALOGOWANIA
Instytucja, która utworzyła rekord BPK
041 ## - KOD JĘZYKA
Kod języka tekstu pol
080 ## - UNIWERSALNA KLASYFIKACJA DZIESIĘTNA - UKD
UKD 621.315.1
008 - POLE O STAŁEJ DŁUGOŚCI - DANE KONTROLNE
podpole kontrolne o stałej długości s pl f |000 0 pol
100 1# - NAZWA OSOBOWA
Nazwa osobowa GESTER, Joh[ann]
245 #0 - TYTUŁ/ODPOWIEDZIALNOŚĆ
Tytuł Starkstromleitungen, Leitungsnetze und deren Berechnung /
Pozostałe elementy strefy tytułu i oznaczenia odpowiedzialności Joh[ann] Gester, Herbert Lorenz.
250 ## - STREFA WYDANIA
Oznaczenie wydania 6 unveränd. Aufl.
260 ## - STREFA ADRESU WYDAWNICZEGO
Miejsce wydania Berlin :
Nazwa wydawcy/dystrybutora Verl. Technik,
Data publikacji, dystrybucji/powstania dokumentu [1968].
300 ## - STREFA OPISU FIZYCZNEGO
Objętość s. 359 :
Inne cechy fizyczne tab., tabl., rys.
504 ## - UWAGA DOTYCZĄCA BIBLIOGRAFII
Informacje o bibliografii [Zawiera bibliogr. s. 355].
700 1# - HASŁO DODATKOWE - NAZWA OSOBOWA
Nazwa osobowa LORENZ, Herbert
856 ## - LOKALIZACJA I DOSTĘP DO ELEKTRONICZNYCH DOKUMENTÓW ZDALNYCH
Link (URL) http://koha.tu.koszalin.pl/cgi-bin/koha/opac-detail.pl?biblionumber=15486
Tekst linku Katalog online BPK
942 ## - DODATKOWE ELEMENTY (KOHA)
Typ dokumentu Książka
Egzemplarze
Wycofany Status egzemplarza Uszkodzony Dostępność Lokalizacja stała Lokalizacja bieżąca Miejsce przechowywania Sygnatura Kod kreskowy Typ dokumentu
      Dostępny Biblioteka Politechniki Koszalińskiej Biblioteka Politechniki Koszalińskiej Wypożyczalnia BG 16163 01734249 Książka
© 2023 Biblioteka Politechniki Koszalińskiej :: KOHA